Reglamento de la Inspección Médica de la Escuelas del Estado : (Record no. 185298)

MARC details
000 -LEADER
campo de control de longitud fija 00509nam a2200145 i 4500
001 - NÚMERO DE CONTROL
campo de control 185298
003 - IDENTIFICADOR DE NÚMERO DE CONTROL
campo de control ES-MaACL
005 - FECHA Y HORA DE LA ÚLTIMA TRANSACCIÓN
campo de control 20230906222406.0
008 - DATOS DE LONGITUD FIJA--INFORMACIÓN GENERAL
campo de control de longitud fija 160510s1916 mx |||| | spa d
245 00 - MENCIÓN DEL TÍTULO
Título Reglamento de la Inspección Médica de la Escuelas del Estado :
Resto del título Decreto nº 411.
260 ## - PUBLICACIÓN, DISTRIBUCIÓN, ETC.
Lugar de publicación, distribución, etc. Mérida, Yucatán :
Nombre del editor, distribuidor, etc. [s.n.],
Fecha de publicación, distribución, etc. 1916 (
Fabricante Imp. y Linot. "La Voz de la Revolución")
300 ## - DESCRIPCIÓN FÍSICA
Extensión 10 p. ;
Dimensiones 21 cm.
594 ## - Nota al título y mención de responsabilidad
Nota al título y mención de responsabilidad Precede al tít.: Gobierno Constitucionalista.
852 ## - LOCALIZACIÓN
Ubicación ES-MaACL
Número de control de estantería 1591-F-12
Holdings
Estatus retirado Estado de pérdida Estado de daño No para préstamo Colección Biblioteca de origen Biblioteca actual Ubicación en estantería Fecha de adquisición Fuente de adquisición Total de préstamos Signatura topográfica completa Código de barras Visto por última vez Precio de reemplazo Tipo de ítem Koha
        Colección de folletos Biblioteca del Ateneo de Madrid Biblioteca del Ateneo de Madrid Depósito folletos 10/05/2016     1591-F-12 1195225 23/02/2023 23/02/2023 Folleto